Bertha v. Marenholtz-Bülow in ihrer Bedeutung für das Werk Fr. Fröbels : (Record no. 19262)

MARC details
000 -LEADER
fixed length control field 00680cam a22002051a 4500
001 - CONTROL NUMBER
control field e 11002141
003 - CONTROL NUMBER IDENTIFIER
control field DLC
005 - DATE AND TIME OF LATEST TRANSACTION
control field 20260227111156.0
008 - FIXED-LENGTH DATA ELEMENTS--GENERAL INFORMATION
fixed length control field 810806s1881 gw 000 0 ger c
010 ## - LIBRARY OF CONGRESS CONTROL NUMBER
LC control number e 11002141
035 ## - SYSTEM CONTROL NUMBER
System control number (OCoLC)7647501
040 ## - CATALOGING SOURCE
Original cataloging agency U.S. Bur. of Ed. Lib.
Transcribing agency DNIE
Modifying agency DLC
042 ## - AUTHENTICATION CODE
Authentication code premarc
050 10 - LIBRARY OF CONGRESS CALL NUMBER
Classification number LB775.M3656442
Item number W34
100 1# - MAIN ENTRY--PERSONAL NAME
Personal name Walter, Louis.
245 10 - TITLE STATEMENT
Title Bertha v. Marenholtz-Bülow in ihrer Bedeutung für das Werk Fr. Fröbels :
Remainder of title ihr Leben und ihre Schriften /
Statement of responsibility, etc. skizzirt von Louis Walter.
260 ## - PUBLICATION, DISTRIBUTION, ETC.
Place of publication, distribution, etc. Dresden :
Name of publisher, distributor, etc. Huhle,
Date of publication, distribution, etc. 1881.
300 ## - PHYSICAL DESCRIPTION
Extent 156 p. ;
Dimensions 18 cm.
600 20 - SUBJECT ADDED ENTRY--PERSONAL NAME
Personal name Marenholtz-Bülow, Bertha Marie,
Titles and other words associated with a name Freifrau von,
Dates associated with a name 1810-1893.

No items available.

Powered by Koha